LDR 01221naa#a2200253#i#450# 001 EN\\bibl\116857 005 20260415233938.3 011 ## _a2076-0655 100 ## _a20251227b2025####ek#y0engy0150####ca 101 0# _aRUS 102 ## _aRU 200 1# _aDEVELOPMENT OF COMPOSITIONS OF PLASTER WATERPROOFING MIXTURE USING SULFOALUMINATE CEMENT _eJournal article 210 1# _aMoscow _cIndividual Entrepreneur Svetlana Vasilievna Samchenko _d2025 215 ## _a11 с. 606 ## _aПроизводство тугоплавких неметаллических и силикатных материалов и изделий. 18.02.05 _2local 608 ## _aJournal article _2local 675 ## _aПроизводство гипса, ангидрита и изделий из них. 666.91 _zRUS 686 ## _aСырье. Материалы. Материаловедение. 303 _2bbk 686 ## _aОбщие вопросы. 5010 _2tbk 686 ## _aТехнология производства силикатных и тугоплавких неметаллических материалов. 61.35 _2grnti 700 #1 _aMin Hein _gHtet 700 #1 _aKyaw Kyaw _gAung 700 #1 _aPotapova _gEkaterina Nikolaevna 856 4# _atsilicates.ru _u